| 000 | 00554nam a2200205Ia 4500 | ||
|---|---|---|---|
| 003 | SISC | ||
| 005 | 20160715153642.0 | ||
| 008 | 140130s9999 xx 000 0 und d | ||
| 020 | _a978545289597 | ||
| 050 | _aPZ 7 .Od237 2010 | ||
| 245 |
_cO'Dell, Scott _aIsland of the blue dolphins / |
||
| 260 |
_bScholastic, _aNew York : _c2010. |
||
| 300 |
_axi, 177 p. : _c20 cm. |
||
| 440 | _v1 | ||
| 650 | _aIndians of North America--Fiction. | ||
| 650 | _aIslands--Fiction. | ||
| 650 | _aSurvival--Fiction. | ||
| 942 |
_cBK _2lcc |
||
| 999 |
_c41340 _d41340 |
||